Paying for tomorrow maintaining our quality of life /

Detalles Bibliográficos
Autor principal: Curley, Michael
Formato: eBook
Lenguaje:inglés
Publicado: Washington DC: Environmental Law Institute, 2018
Materias:
Acceso en línea:Acceso restringido

MARC

LEADER 00000nam a22000007a 4500
005 20220919232554.0
007 cr|||| ||||
008 220919s2018 us |||||s|||| 00||0 eng d
020 |a 978-1-58576-193-7 
035 |a 36429 
040 |a vLex 
090 |c 13950  |d 13950 
100 1 |a Curley, Michael 
245 1 0 |a Paying for tomorrow  |h [Recurso electrn̤ico] :  |b maintaining our quality of life /  |c Michael Curley 
256 |a Servicio en ln̕ea 
260 |a Washington DC:  |b Environmental Law Institute,  |c 2018 
300 |a 1 recurso electrn̤ico 
500 |a Yes, we want to conserve energy and increase our use of renewables, but we also need to protect jobs. This book is about what we are going to have to pay for in order to maintain our quality of life in the foreseeable future 
506 1 |a Disponible solo en los productos indicados  |d vLex Global  |d vLex Global (Academic Edition, excluding Law Schools)  |d vLex Global (Academic Edition, Law Schools) 
650 0 4 |a Derecho Comunitario  |z Estados Unidos 
740 0 |a vLex Libros (Servicio en ln̕ea) 
856 4 0 |u https://app.vlex.com/#/sources/36429  |z Acceso restringido 
942 |c BOOK 
999 0 |a Community Law